Research and development in the government (Record no. 243270)

MARC details
000 -LEADER
fixed length control field 00786nam a2200241Ia 4500
003 - CONTROL NUMBER IDENTIFIER
control field OSt
005 - DATE AND TIME OF LATEST TRANSACTION
control field 20220918210324.0
008 - FIXED-LENGTH DATA ELEMENTS--GENERAL INFORMATION
fixed length control field 220917b |||||||| |||| 00| 0 eng d
037 ## - SOURCE OF ACQUISITION
Terms of availability Textual
040 ## - CATALOGING SOURCE
Original cataloging agency ARTS
Transcribing agency ARTS
Language of cataloging eng
041 ## - LANGUAGE CODE
Source of code eng
Language code of text/sound track or separate title eng
110 ## - MAIN ENTRY--CORPORATE NAME
Corporate name or jurisdiction name as entry element United States Of America, Commission On Organization Of The Executive Branch Of Government
9 (RLIN) 117788
245 #0 - TITLE STATEMENT
Title Research and development in the government
Remainder of title report to the congress
260 ## - PUBLICATION, DISTRIBUTION, ETC.
Date of publication, distribution, etc. 1955
650 ## - SUBJECT ADDED ENTRY--TOPICAL TERM
Topical term or geographic name entry element HISTORY
700 ## - ADDED ENTRY--PERSONAL NAME
Personal name United States Of America, Commission On Organization Of The Executive Branch Of Government
9 (RLIN) 117789
942 ## - ADDED ENTRY ELEMENTS (KOHA)
Classification part V73:28tN55, J5
Koha item type Textual
Source of classification or shelving scheme Colon Classification (CC)
Holdings
Withdrawn status Lost status Damaged status Not for loan Home library Current library Date acquired Total Checkouts Full call number Barcode Date last seen Price effective from Koha item type
        Arts Library Arts Library 2022-09-18   V73:28tN55 J5 AL0125091 2022-09-18 2022-09-18 Textual
Copyright @ Delhi University Library System